[Event "Gyor Amateur op 16th"]
[Site "Gyor"]
[Date "2019.03.03"]
[Round "5"]
[White "Bognar, Ferenc Mate"]
[Black "Horvath, Tamas2222"]
[Result "1-0"]
[WhiteElo "1261"]
[BlackElo "1750"]
[PlyCount "119"]
[EventDate "2019.03.02"]
[EventType "swiss"]
[EventRounds "5"]
[EventCountry "HUN"]
[SourceTitle "CBM 190 Extra"]
[Source "ChessBase"]
[SourceDate "2019.07.15"]
[SourceVersion "1"]
[SourceVersionDate "2019.07.15"]
[SourceQuality "1"]

1. e4 e5 2. Nf3 Nc6 3. d4 exd4 4. Nxd4 Nf6 5. Nxc6 bxc6 6. Bd3 Bc5 7. Qg4 d6 8. 0-0 h6 9. Qxg7 Rg8 10. Qxh6 Ng4 11. Qf4 Bd4 12. h3 Be5 13. Qf3 Nh2 14. Qe3 Nxf1 15. Kxf1 c5 16. c3 Bf6 17. Nd2 Bg5 18. Qf3 Qf6 19. Qxf6 Bxf6 20. f4 Bb7 21. Bb5+ Kd8 22. Bc4 Rg7 23. Bd5 Ba6+ 24. Kf2 Rc8 25. Nf3 c6 26. Bb3 Kd7 27. Be3 c4 28. Ba4 Kc7 29. Bxa7 c5 30. Rd1 Kb7 31. Rxd6 Be7 32. Rd7+ Rc7 33. Rxc7+ Kxc7 34. Ne5 Bh4+ 35. Kg1 Bb7 36. Bc2 Bg3 37. Bxc5 Bxf4 38. Bd4 Ba6 39. Nxc4 Rg5 40. Be3 Bxe3+ 41. Nxe3 Bc8 42. Kf2 Rg6 43. g4 Ra6 44. Bb3 f6 45. Nd5+ Kb8 46. Kg3 Rd6 47. h4 Re6 48. Kf4 Re8 49. Nxf6 Rf8 50. g5 Rd8 51. g6 Rd2 52. g7 Rf2+ 53. Ke5 Rxb2 54. g8Q Rh2 55. Be6 Rxh4 56. Qxc8+ Ka7 57. Bd5 Kb6 58. Nd7+ Ka5 59. Qc5+ Ka4 60. Qb4# 1-0